00376 a2200109 4500001001000000005001700010008004100027245009100068100002000159773007000179999001700249ART_5883520260410162030.0260409a 10aLas funciones del juez en el proceso de consumo: cargas probatorias y prueba de oficio1 aRossi, Jorge O.0 tTemas de derecho procesalg- Año 7, N° 7 (jul. 2023)wREV44095 c33928d33928